书目信息 |
| 题名: |
西北回族社区现代化实践的新探索
|
|
| 作者: | 束锡红 , 刘天明 , 刘光宁 著 | |
| 分册: | ||
| 出版信息: | 北京 商务印书馆 2004 |
|
| 页数: | 235页 | |
| 开本: | 20cm | |
| 丛书名: | ||
| 单 册: | ||
| 中图分类: | C912.8 | |
| 科图分类: | ||
| 主题词: | 回族--社区--现代化--研究--西北地区 , 区域社会学 | |
| 电子资源: | ||
| ISBN: | 7-100-04004-3 | |
| 000 | 01018nam0 2200289 450 | |
| 001 | 05002764033 | |
| 005 | 20051223100125.78 | |
| 010 | @a7-100-04004-3@dCNY14.00 | |
| 092 | @aCN | |
| 100 | @a20050314d2004 ekmy0chiy0120 ea | |
| 101 | 0 | @achi |
| 102 | @aCN@b110000 | |
| 105 | @ay z 000yy | |
| 200 | 1 | @a西北回族社区现代化实践的新探索@9xi bei hui zu she qu xian dai hua shi jian de xin tan suo@f束锡红,刘天明,刘光宁著@Fshu xi hong,liu tian ming,liu guang ning zhu |
| 210 | @a北京@c商务印书馆@d2004 | |
| 215 | @a235页@d20cm | |
| 300 | @a国家社科基金“九五”项目 | |
| 330 | @a本书选取经济程度不同发展层次上的五个西北回族社区为个案,分别从社区的人口变迁、空间关系变迁、经济结构变迁、文化变迁等方面进行研究。 | |
| 606 | 0 | @a回族@x社区@x现代化@x研究@y西北地区 |
| 606 | 0 | @a区域社会学 |
| 690 | @aC912.8@v4 | |
| 701 | 0 | @a束锡红@Ashu xi hong@4著 |
| 701 | 0 | @a刘天明@Aliu tian ming@4著 |
| 701 | 0 | @a刘光宁@Aliu guang ning@4著 |
| 801 | 0 | @aCN@bNLC@c20051223 |
| 905 | @a10447@dC912.8@e372 | |
| 999 | @aHSJ | |
| 西北回族社区现代化实践的新探索/束锡红,刘天明,刘光宁著.-北京:商务印书馆,2004 |
| 235页;20cm |
| 国家社科基金“九五”项目 |
| ISBN 7-100-04004-3:CNY14.00 |
| 本书选取经济程度不同发展层次上的五个西北回族社区为个案,分别从社区的人口变迁、空间关系变迁、经济结构变迁、文化变迁等方面进行研究。 |
| ● |
| 相关链接 |
|
|
|
|
正题名:西北回族社区现代化实践的新探索
索取号:C912.8/372
 
预约/预借
| 序号 | 登录号 | 条形码 | 馆藏地/架位号 | 状态 | 备注 |
| 1 | 0372318 | 203723186 | 第一样本阅览室/ [索取号:C912.8/372] | 在馆 | |
| 2 | 0372319 | 203723195 | 第一借阅区/ [索取号:C912.8/372] | 在馆 | |
| 3 | 0372320 | 203723202 | 第一借阅区/ [索取号:C912.8/372] | 在馆 |